| 000 | 00578nam a2200181Ia 4500 | ||
|---|---|---|---|
| 003 | GCL | ||
| 008 | 140319s9999 xx 000 0 ara d | ||
| 040 |
_aGCL / _cGCL |
||
| 082 | 0 | 4 |
_a347.08 _bس ق |
| 100 | 1 | _aسعيد احمد شعلة | |
| 245 | 1 | 0 |
_aقضاء النقد المدنى فى عقد البيع / _cسعيد احمد شعلة |
| 260 |
_a[S.N] : _bمنشاة المعارف الاسلامية ، _c1989 |
||
| 300 | _a590 ص | ||
| 490 |
_aالكتب القانونية _v0 |
||
| 650 | 0 | 4 | _aالقانون المدنى |
| 650 | 0 | 4 | _aالعقود |
| 942 |
_2ddc _cBK |
||
| 999 |
_c51403 _d51403 |
||